| 000 | 00632nam a22001817a 4500 | ||
|---|---|---|---|
| 005 | 20251108164240.0 | ||
| 008 | 250721s1971 xx 000 0 ara d | ||
| 082 | 1 | 4 | _a327.730564/كام |
| 100 | 1 | _aأبو جابر، كامل | |
| 245 | 1 | 0 | _aالولايات المتحدة الأمريكية و إسرائيل / |
| 264 | 1 |
_aالقاهره : _bجامعة الدول العربية - معهد البحوث و الدراسات العربية، _c1971. |
|
| 300 | _a166ص | ||
| 650 | 1 | 7 | _aالولايات المتحدة |
| 650 | 1 | 7 | _aالعلاقات الدولية |
| 650 | 1 | 7 | _aفلسطين |
| 942 |
_2ddc _cBK |
||
| 999 |
_c7445 _d7445 |
||